000
00407nam a2200145Ia 4500
008
100204s9999 xx 000 0 und d
082
_b
2390
100
_a
कीर गिरिजा
245
_a
दर्शन
260
_b
"हेमचंद्र प्रकाशन , मुंबई"
_c
1980
300
_a
132
630
_a
दर्शन
730
_a
दर्शन
942
_c
BOOK
999
_c
447481
_d
447478